Rovnosť príležitostí je barometrom vyspelosti krajiny

Z histórie zápasu žien za rovnaké práva pri spravovaní vecí verejných. Táto otázka bola vyriešená Všeobecnou deklaráciou ľudských práv prijatou OSN v r. 1948. Situácia na Slovensku. Zastúpenie žien vo vládach SR od r. 1989. Zastúpenie žien v parlamentoch SR. Potreba zmeny zmýšľania.

Na minha lista:
Detalhes bibliográficos
Autor principal: Reiselová, Eva
Formato: Capítulo de Livro
Idioma:eslovaco
Assuntos:
Tags: Adicionar Tag
Sem tags, seja o primeiro a adicionar uma tag!

MARC

LEADER 00000naa a2200000 4500
001 r044977
005 20230921113115.2
041 0 |a slo 
044 |a SK 
245 1 0 |a Rovnosť príležitostí je barometrom vyspelosti krajiny  |c Eva Reiselová 
520 |a Z histórie zápasu žien za rovnaké práva pri spravovaní vecí verejných. Táto otázka bola vyriešená Všeobecnou deklaráciou ľudských práv prijatou OSN v r. 1948. Situácia na Slovensku. Zastúpenie žien vo vládach SR od r. 1989. Zastúpenie žien v parlamentoch SR. Potreba zmeny zmýšľania. 
610 2 0 |a politika 
610 2 0 |a ženy 
610 2 0 |a práva ľudské 
610 2 0 |a vláda 
610 2 0 |a parlamenty 
610 2 0 |a Európa 
610 2 0 |a Slovensko 
100 1 |a Reiselová, Eva